Maailman puhutuimmat kielet kartalla - Statistics

Yleistilastot
  • Tätä visaa on pelattu 1 162 kertaa
  • Keskiarvotulos 34 / 100
Vastaukset kartalla
Vastauksille on annettu kartalla punavihreä väri sen mukaan, kuinka moni on saanut sen oikein.
 
Vastaustilastot
Puhujia Kieli % Oikein
360 englanti
99%
405 espanja
98%
155 venäjä
97%
75 ranska
96%
8,7 ruotsi
96%
215 portugali
95%
95 saksa
95%
295 arabia
91%
59 italia
91%
125 japani
91%
955 mandariinikiina
89%
40 puola
89%
30 ukraina
89%
63 turkki
86%
12 kreikka
85%
21 hollanti
81%
76 korea
81%
24 romania
79%
310 hindi
78%
7,6 valkovenäjä
77%
10 tšekki
76%
19 serbokroatia
72%
13 unkari
72%
56 thai
67%
15 somali
58%
77 malaiji / indonesia
57%
45 persia
54%
76 vietnam
53%
205 bengali
45%
59 kantoninkiina
45%
11 kazakki
40%
21 kurdi
40%
9,6 haiti
37%
66 urdu
33%
23 azeri
32%
28 tagalog
32%
26 uzbekki
32%
82 jaava
31%
39 paštu
30%
33 burma
29%
70 tamili
29%
16 turkmeeni
29%
80 wu-kiina
27%
10,4 zulu
26%
17 nepali
24%
16 khmer
21%
100 pandžabi
20%
8,2 uiguuri
20%
25 amhara
19%
9,8 ruanda
17%
7,6 xhosa
17%
18 malagassi
16%
73 marathi
16%
76 telugu
16%
49 gudžarati
14%
31 hakka-kiina
14%
24 igbo
14%
28 joruba
14%
38 kannada
14%
8,9 ketšua
14%
16 sinhali
13%
34 hausa
12%
47 min-kiina
12%
21 cebuano
11%
48 jin-kiina
11%
26 sindhi
11%
15 assami
10%
38 malajalam
10%
33 orija
10%
38 sunda
10%
22 gan-kiina
9%
8,8 kirundi
9%
27 maithili
9%
24 oromo
9%
38 xiang-kiina
9%
16 chittagong
8%
8,3 šona
8%
11 akan
7%
7,6 belutši
7%
11 deccani
7%
24 fulani
7%
10,9 minbei
7%
7,6 moore
7%
29 bhodžpuri
6%
8,4 hmong
6%
9,1 iloko
6%
7,4 konkani
6%
14 magahi
6%
14 marwari
6%
12 njandža
6%
17 saraiki
6%
10,7 sylheti
6%
22 awadhi
5%
12 chhattisgarhi
5%
9,6 dhundari
5%
14 haryanvi
5%
8,2 hiligaino
5%
15 madura
5%
9,5 mindong
5%
16 zhuang
5%
Ehtoja vastaavia visoja ei löytynyt
Tulosjakauma
Jokaisen tuloksen saaneiden osuus
Persentiili vastausten määrän mukaan
Tuloshistoriasi
Et ole pelannut tätä visaa